Perid̤ico Oficial del Estado de Colima

Detalles Bibliográficos
Formato: Desconocido
Lenguaje:español
Publicado: Colima : Perid̤ico Oficial de Estado de Colima
Materias:
Acceso en línea:Acceso restringido

MARC

LEADER 00000ny a22000003n 4500
005 20110517103736.0
008 071017c19uu9999mx r pss 0 a0spa d
035 |a 5326 
040 |a BUS  |d vLex 
090 |c 1999  |d 1999 
245 3 0 |a Perid̤ico Oficial del Estado de Colima  |h [Recurso electrn̤ico] 
256 |a Servicio en ln̕ea 
260 |a Colima :  |b Perid̤ico Oficial de Estado de Colima 
650 0 4 |a Derecho  |z Mexico  |z Colima  |x Legislacin̤  |x Publicaciones perid̤icas 
740 0 |a vLex Revista (Servicios en ln̕ea) 
843 |a Electrn̤ica. Abierta 
853 |8 1  |i (year)  |j (month)  |k (day) 
856 4 0 |z Acceso restringido  |u http://vlex.com/account/login_ip?fuente_id=5326  
942 |c REV